<?xml version="1.0" encoding="UTF-8"?>
<marc:record xmlns:marc="http://www.loc.gov/MARC21/slim">
   <marc:leader>00000nam a2200000 a 4500</marc:leader>
   <marc:datafield ind1="1" ind2=" " tag="100">
      <marc:subfield code="a">Hopf, Philip</marc:subfield>
      <marc:subfield code="4">aut</marc:subfield>
      <marc:subfield code="e">Verfasser/-in</marc:subfield>
   </marc:datafield>
   <marc:datafield ind1="1" ind2=" " tag="100">
      <marc:subfield code="a">Hosseinpour, Kiarash</marc:subfield>
      <marc:subfield code="4">aut</marc:subfield>
      <marc:subfield code="e">Verfasser/-in</marc:subfield>
   </marc:datafield>
   <marc:datafield ind1="0" ind2="0" tag="245">
      <marc:subfield code="a">Jeden Tag einen Schritt</marc:subfield>
   </marc:datafield>
   <marc:datafield ind1="0" ind2="0" tag="245">
      <marc:subfield code="b">Wie du täglich erfolgreicher wirst! Die Erfolgsstrategien des No.1 Podcasts mit Kiarash Hossainpour und Philip Hopf (Hoss&amp;Hopf). Werde dein bestes Selbst!</marc:subfield>
   </marc:datafield>
   <marc:datafield ind1="0" ind2="0" tag="245">
      <marc:subfield code="c">Kiarash Hossainpour, Philip Hopf</marc:subfield>
   </marc:datafield>
   <marc:datafield ind1=" " ind2="1" tag="264">
      <marc:subfield code="a">Gräfelfing</marc:subfield>
      <marc:subfield code="b">Next Level Verlag</marc:subfield>
      <marc:subfield code="c">2025</marc:subfield>
   </marc:datafield>
   <marc:datafield ind1="1" ind2=" " tag="520">
      <marc:subfield code="a">Philip Hopf und Kiarash Hossainpour, die gemeinsam das Podcast-Duo Hoss &amp; Hopf bilden und einen der reichweitenstärksten Podcasts in Deutschland produzieren, nehmen dich mit auf den Weg zum Erfolg.  &#xD;
Mehr als 365 von den Autoren ausgewählte und am eigenen Leib bestätigte Wahrheiten über Selbstdisziplin, Finanzen etc. geben uns jeden Tag die Chance, ein wenig erfolgreicher zu werden. So gelingt es uns, Schritt für Schritt unserem wahren Potenzial näherzukommen, bis du am Ende des Jahres ein völlig anderer, erfolgreicherer Mensch bist als noch zuvor.</marc:subfield>
   </marc:datafield>
   <marc:datafield ind1=" " ind2=" " tag="020">
      <marc:subfield code="a">9783689360313</marc:subfield>
      <marc:subfield code="9">9783689360313</marc:subfield>
   </marc:datafield>
   <marc:datafield ind1=" " ind2=" " tag="020">
      <marc:subfield code="a">3689360315</marc:subfield>
      <marc:subfield code="9">3689360315</marc:subfield>
   </marc:datafield>
   <marc:datafield ind1=" " ind2=" " tag="041">
      <marc:subfield code="a">ger</marc:subfield>
   </marc:datafield>
   <marc:datafield ind1=" " ind2=" " tag="300">
      <marc:subfield code="a">384 Seiten</marc:subfield>
   </marc:datafield>
</marc:record>
